Every Class 2 Idaho Senator - Statistics

General Stats
  • This quiz has been taken 13 times
  • The average score is 5 of 12
Answer Stats
Picture Hint Answer % Correct
R(2009-) Jim Risch
100%
R(1973-1991) James A. McClure
67%
R(1991-2009) Larry Craig
67%
D(1949-1949) Bert H. Miller
33%
D(1945-1946) Charles C. Gossett
33%
D(1901-1907) Fred T. Dubois
33%
R(1890-1901) George L. Shoup
33%
R(1949-1962) Henry C. Dworshak
33%
R(1946-1949) Henry C. Dworshak
33%
R(1940-1945) John Thomas
33%
R(1962-1973) Leonard B. Jordan
33%
R(1907-1940) William E. Borah
33%
No matching quizzes found
Score Distribution
Percent of People with Each Score
Percentile by Number Answered
Your Score History
You have not taken this quiz